000 00419nam a2200181Ia 4500
001 1713
005 20260306143748.0
008 260306t1969||||xx |||||||||||||| ||spa||
041 _aESP
082 _a155.2
_bL54
100 _aLewin, Kurt
_eAUT
245 0 _aDinámica de la Personalidad
260 _c1969
300 _a291 páginas :
_c20 x 14 cm.
650 _aGEN
654 _aCPS
942 _cLIB
_dJUS
_fJUS
_2ddc
_n
999 _c1713
_d1713